| 000 | 00447nam a22001697a 4500 | ||
|---|---|---|---|
| 003 | MPLRDC | ||
| 005 | 20220104125610.0 | ||
| 008 | 210129b ||||| |||| 00| 0 eng d | ||
| 082 | _a947.47 TZBEX-5 v.2 | ||
| 100 | _a藤子不二雄原著 | ||
| 245 |
_a机器猫小叮当 _c |
||
| 260 |
_a _bEASTERN HONOUR S/B _c |
||
| 300 | _b平 | ||
| 490 | _a神奇小叮当长篇杰作集. 2 | ||
| 650 | _a哆啦A梦漫画 | ||
| 942 |
_cBK _o947.47 TZBEX-5 v.2 |
||
| 999 |
_c28642 _d28632 |
||